Cumhuriyetin 50. yıldönümünü anma kitabı (Record no. 813)

MARC details
000 -BAŞLIK
Sabit Uzunlukta Kontrol Alanı 00646na a2200205 4500
001 - KONTROL NUMARASI
Denetim Alanı 13291
003 - KONTROL NUMARASI IDENTIFIER
Denetim Alanı MIRAKIL
005 - SON İŞLEM TARİHİ VE ZAMANI
Denetim Alanı 20181213154802.0
008 - SABİT-BOY VERİ ELEMANLARI - GENEL BİLGİLER
Sabit Uzunlukta Kontrol Alanı 160826b tu 000 0
035 ## - SİSTEM KONTROL NUMARASI
Sistem Kontrol Numarası 13291
040 ## - KATALOGLAMA KAYNAK
Orijinal Kataloglama Ajansı Milas
Kataloglama Dili tur
Metne Dönüştürmek Ajansı TR-AnCHP
082 ## - DEWEY ONLU SINIFLANDIRMA NUMARASI
Sınıflandırma Numarası ATA 923.156
Ürün Numarası C85
090 ## - SINIFLAMA NUMARASI
Sınıflama Numarası ATA 923.156 C85 1974
245 ## - BAŞLIK TABLOSU
Başlık Cumhuriyetin 50. yıldönümünü anma kitabı
260 ## - YAYIN, DAĞITIM, VB
Yayın, Dağıtım, Vb Yeri Ankara
Yayıncı, Dağıtıcı, Vs Adı Ankara Üniversitesi Dil ve Tarih Coğrafya Fakültesi
Yayın, Dağıtım, Vb Tarihi 1974
300 ## - FİZİKSEL TANIM
Kapsam 611 s.
Diğer Fiziksel Ayrıntıları res. , tbl.
Boyutlar 24 sm.
600 ## - KONU KATMA GİRİŞ - KURUMSAL ADI
Kişisel Ad Atatürk, Mustafa Kemal
Bir Adıyla İlişkilendirilen Tarihler 1881-1938
Genel Alt Bölümü Anı kitabı
650 ## - KONU KATMA GİRİŞ - TOPİKAL DÖNEM
Topikal Süreli Veya Coğrafi Ad Giriş Elemanı Dil ve Tarih Coğrafya Fakültesi
Genel Alt Bölümü Anı kitabı
942 ## - EKLENDİ GİRİŞ ELEMANLARI (KOHA)
Sınıflandırma Veya Raf Düzeni Kaynak Dewey Decimal Classification
Koha Öğesi Türü Books
999 ## - SİSTEM KONTROL NUMARALARI (KOHA)
Koha Biblionumber 813
Koha Biblioitemnumber 813
Holdings
Kalıcı Konum Mevcut Konum Edinme Tarihi Edinim Kaynak Toplam Check-Out'Lar Tam Çağrı Numarası Barkod Tarih Son Görülme İtibaren Geçerli Fiyatlar Koha Öğesi Türü
CHP Kütüphanesi CHP Kütüphanesi 08/12/2016 Bağış   ATA 923.156 C85 1974 000944 08/12/2016 08/12/2016 Books